Premier League: 100+ Goals (2000-) - Statistics

General Stats
  • This quiz has been taken 45 times
  • The average score is 18 of 21
Answer Stats
Ranking Player Positions Nationality Matches Goals (assists) Periods Clubs % Correct
7 Thierry Henry FW 227 158 (66) 2000-2006, 2011-2012
100%
3 Mohamed Salah MF, FW 301 186 (87) 2013-2014, 2017-2025
98%
15 Sadio Mané MF, FW 263 111 (38) 2014-2022
98%
18 Didier Drogba FW 254 104 (55) 2004-2011, 2014-2015
95%
1 Harry Kane FW 320 213 (44) 2012-2023
95%
4 Sergio Agüero FW 275 184 (48) 2011-2021
95%
2 Wayne Rooney MF, FW 491 208 (102) 2002-2018
95%
8 Jamie Vardy FW 342 145 (47) 2014-2022, 2024-2025
93%
11 Raheem Sterling MF, FW 396 123 (66) 2011-2025
93%
12 Romelu Lukaku FW 278 121 (35) 2011-2018, 2021-2022
93%
19 Cristiano Ronaldo MF, FW 236 103 (37) 2003-2008, 2021-2023
90%
6 Frank Lampard MF 491 160 (94) 2000-2015
90%
9 Robin van Persie FW 280 144 (53) 2004-2015
90%
13 Steven Gerrard MF 463 119 (89) 2000-2015
90%
10 Son Heung-min MF, FW 333 127 (71) 2015-2025
85%
20 Michael Owen FW 231 102 (13) 2000-2003, 2005-2013
83%
5 Jermain Defoe FW 496 163 (33) 2000-2019
80%
17 Peter Crouch FW 468 106 (58) 2001-2019
70%
14 Robbie Keane FW 318 114 (33) 2000-2012
65%
21 Nicolas Anelka FW 299 102 (36) 2001-2004, 2006-2011, 2013-2014
63%
16 Darren Bent FW 276 106 (15) 2001-2002, 2005-2015
40%
No matching quizzes found
Score Distribution
Percent of People with Each Score
Percentile by Number Answered
Your Score History
You have not taken this quiz